| 000 | 00693 a2200229 4500 | ||
|---|---|---|---|
| 003 | OSt | ||
| 005 | 20180116192333.0 | ||
| 008 | 120209t xxu||||| |||| 00| 0 eng d | ||
| 010 | _a 2008360394 | ||
| 020 | _a9781864702378 (hbk.) | ||
| 040 | _c0 | ||
| 082 | 0 | 4 | _a727.047 |
| 100 | 1 | _aFord, Alan | |
| 245 | 1 | 0 |
_aDesigning the sustainable school / _cAlan Ford. |
| 260 |
_aMulgrave, Vic. : _bImages Pub., _c2007. |
||
| 300 |
_a256 p. : _bill. (chiefly col.), plans ; _c25 x 27 cm. |
||
| 500 | _aIncludes index. | ||
| 650 | 0 | _aSchool buildings | |
| 650 | 0 | _aSustainable architecture. | |
| 942 |
_aSADA _cBK _k727.047 FOR 2007 _2ddc |
||
| 999 |
_c352396 _d352396 |
||